000 00977nam a22003017a 4500
001 7592
003 FISKH
005 20250725094542.0
008 250725b cb ||||| |||| 00| 0 eng d
020 _a038529493X
040 _aFISKH
_beng
_cFISKH
_dFISKH
050 _a PZ7.G3626 F
082 _a813
100 _aGiff, Patricia Reilly
245 _aFish face /
_cBy Patricia Reilly Giff : Illustrated by Blanche Sims
260 _aNew York :
_bDelacorte Press,
_c1984.
300 _a75 pages :
_billustrations ;
_c21 cm.
490 _aKids of the Polk Street School
_v2
505 _aJ
520 _aMaking friends with the new girl in her class is hard for Emily after she replaces Emily as the fastest runner and steals her lucky unicorn.
521 8 _a500
_bLexile
521 8 _aJ
_bRaz-Plus
650 _aSchools
_vFiction
650 _aFriendship
_vFiction
700 _aSims, Blanche
_eIllustrator
942 _2ddc
_cBK
_n0
999 _c7592
_d7592